000 00207nam a22001097a 4500
041 _aeng
080 _a80
100 _aFrycie, S.
245 _aLektury Odlegle i Bliskie
650 _aPolish
999 _c278045
_d278045
942 _cBK